000 00456nam a2200193Ia 4500
003 STCL
008 221019s9999 xx 000 0 und d
020 _a9781890864217
040 _aSTCL
_cSTCL
_bEN
082 _222
100 _aRoy, S
100 _aVerma, Dinesh
245 0 _aProblem solving and programming
260 _bGullyBaba Publishing House
_aDelhi
_c2017
300 _a311 p
365 _b200
546 _aEnglish
942 _cBK
_2DDC
_e22
999 _c87786
_d87786